• 首页
  • 本馆介绍
  • 公告通知
  • 最新文献
  • 馆藏检索
  • 电子资源
  • 读者导购
  • 参考咨询
  • 我的图书馆
  • 登录
  • 详细信息显示
  • 放入我的书架
  • 预约/预借图书
  • 作者相关作品
  • 分类相关作品
  • 丛书相关作品
  • 出版社相关作品

书目信息

  • 表格格式
  • 工作单格式
  • 卡片格式
题名:
常用茶茶艺与品鉴
    
 
作者: 曹桔方 编著
分册:  
出版信息: 北京   金盾出版社  2016
页数: 152页
开本: 26cm
丛书名:
单 册:
中图分类: TS971.21(2)
科图分类:
主题词: 茶叶--cha ye--文化--中国
电子资源:
ISBN: 978-7-5186-0864-5
000 00886nam0 2200241 450
001 012001005176
005 20131111144635.0
010    @a978-7-5186-0864-5@dCNY40.00
099    @aCAL 012016136542
100    @a20161101d2016 em y0chiy50 ea
101 0  @achi
102    @aCN@b110000
105    @aa z 000yy
106    @ar
200 1  @a常用茶茶艺与品鉴@Achang yong cha cha yi yu pin jian@f曹桔方编著
210    @a北京@c金盾出版社@d2016
215    @a152页@c彩图@d26cm
330    @a本书是一本全面的常用茶工具书, 不仅概述了如何能快速甄别出常用茶的优劣, 更特别注重茶艺的精、准, 将众多好茶的冲泡方法分门别类, 便于查找的同时也教您能根据茶的不同性质, 掌握不同茶的冲泡技巧, 从而彻底冲泡出一壶好茶。
606 0  @a茶叶@Acha ye@x文化@y中国
690    @aTS971.21(2)@v5
701  0 @a曹桔方@Acao jie fang@4编著
801  2 @aCN@b江苏凤凰@c20191020
905    @b1213016-9@dTS971.21(2)@e570@f4
    
    常用茶茶艺与品鉴/曹桔方编著.-北京:金盾出版社,2016
    152页:彩图;26cm
    
    
    ISBN 978-7-5186-0864-5:CNY40.00
    本书是一本全面的常用茶工具书, 不仅概述了如何能快速甄别出常用茶的优劣, 更特别注重茶艺的精、准, 将众多好茶的冲泡方法分门别类, 便于查找的同时也教您能根据茶的不同性质, 掌握不同茶的冲泡技巧, 从而彻底冲泡出一壶好茶。
●
相关链接 在E读中查询图书 在五车中查询图书 在当当中查询图书 在豆瓣中查询图书


正题名:常用茶茶艺与品鉴     索取号:TS971.21(2)/570         预约/预借

序号 登录号 条形码 馆藏地/架位号 状态 备注
1 1213016   212130166   第二样本阅览室/ [索取号:TS971.21(2)/570] 在馆    
2 1213017   212130175   第三借阅区/ [索取号:TS971.21(2)/570] 在馆    
3 1213018   212130184   第三借阅区/ [索取号:TS971.21(2)/570] 在馆    
4 1213019   212130193   第三借阅区/ [索取号:TS971.21(2)/570] 在馆    
唐山师范学院图书馆 欢迎您!
大连网信软件有限公司© 版权所有